000 00457nam a22001337a 4500
082 _aT-46
100 _aZahidul Islam Ukil
_948372
245 _aA laboratory study of using lime and surkhi as partial replacement of fine aggregate in aggregate base couse for flexible pavements
_cZahidul Islam Ukil
260 _aRisalpur
_bMCE, NUST
_c1995
526 _a0
_b0
_c0
_dT_46
650 _aThesis
_934811
700 _aShamshad Ahmed Khan
_947821
942 _2ddc
_cBK
999 _c551344
_d551344